000 00610nam a2200205 u 4500
005 20210223133123.0
008 161109s20072015 r 000 0 eng d
020 _a9789703245635
035 _aUPN01000214633
049 _aCG
050 4 _aB105 I4.7
_bZ3.3
100 1 _aZamora Aguila, Víctor Fernando
_940621
245 1 0 _aFilosofía de la imagen :
_blenguaje, imagen y representación /
_cFernando Zamora Aguila.
260 _aMéxico :
_bUNAM,
_c2007 (2015 impr.).
300 _a365 p. :
_bfigs.
440 0 _aEspiral
650 4 _aIMAGEN (FILOSOFIA)
_918677
905 _aLibro
999 _c186733
_d186733